000 00387nam a2200097 4500
999 _c12913
_d12913
008 190206b ||||| |||| 00| 0 eng d
245 _aInformation technology:
_bPhilippine as process outsourcing industry leader with faster internet speed
260 _aSan Miguel, Manila :
_bOP-Bureau of Communications Services,
_c2013-c2014.
300 _av22 n5 20-22, pages ;
_b23 cm.
942 _2ddc
_cPER